000 01102nmm a2200361 a 4500
003 AR-BaBNM
005 20251128205344.0
008 187019s1984 ||||||||||||||000 | spa||
020 _a84-600-3635-9
040 _cAR-BaBNM
111 2 _aJornadas de Estudios Andaluces
_n6
_d1983
_cSevilla
245 1 0 _aAndalucía y América
_baspectos históricos y realidad económica presente
260 _aMadrid
_bInstituto de Desarrollo Regional de la Universidad de Sevilla
_bBanco de Bilbao de Andalucía
_bInstituto de Cooperación Iberoamericana
_c1984
300 1 _axvi, 342 p.
_btablas
650 4 _aPERIODO HISPANICO
650 4 _aPERIODO INDEPENDIENTE
650 4 _aCASA DE CONTRATACION
650 4 _aECONOMIA
650 4 _aHISTORIA ECONOMICA
650 4 _aHISTORIA SOCIAL
650 4 _aSIGLO DIECIOCHO
650 4 _aSIGLO DIECINUEVE
650 4 _aSIGLO VEINTE
650 4 _aEDUCACION
650 4 _aCOMERCIO
650 4 _aCIENCIA
650 4 _aCIENCIAS POLITICAS
651 4 _aEspaña
651 4 _aAmérica Latina
653 _aILUSTRACION
942 _cBK
998 _cmariana
999 _c11069
_d11069